| 000 | 00980nam a2200241 i 4500 | ||
|---|---|---|---|
| 001 | 165892 | ||
| 003 | ES-MaACL | ||
| 005 | 20250716091807.0 | ||
| 008 | 010320s1861 fr |||| |cfre d | ||
| 040 |
_aCCPB | B _bspa _cCCPB | B |
||
| 100 | 1 |
_aSuetonio Tranquilo, Cayo. _9108733 |
|
| 245 | 1 | 4 |
_aLes douze Césars / _cSuétone ; traduction nouvelle avec le texte latin, un commentaire historique et un index par É. Pessonneaux. |
| 260 |
_aParis : _bCharpentier, libraire-éditeur, _c1861 ( _fImp. Simon Raçon et Comp.) |
||
| 300 |
_aVII, 648 p. ; _c19 cm. |
||
| 490 | 1 | _aBibliothèque Charpentier. Bibliothèque latine-française | |
| 650 | 4 |
_aEmperadores- _zRoma- _xBiografías. _9162493 |
|
| 651 | 4 |
_aRoma- _xBiografías- _vObras anteriores a 1800. _9162509 |
|
| 700 | 1 |
_aPessonneaux, Émile. _9131064 |
|
| 752 |
_aFrancia - _dParís |
||
| 830 | 1 | 0 |
_aBibliothèque Charpentier _9182245 |
| 852 |
_aES-MaACL _jD-3208 _z- Enc. hol. |
||
| 999 |
_c165892 _d165892 |
||